Bài tập toán cao cấp :

Quyển bài tập này trình bày lời giải của các bài tập đã ra trong các quyển Toán học cao cấp tập 3, phép tính giải tích nhiều biến số và một số bài tập khác đã được bổ sung.

Wedi'i Gadw mewn:
Manylion Llyfryddiaeth
Prif Awdur: Nguyễn, Đình Trí
Fformat: Llyfr
Iaith:Undetermined
Cyhoeddwyd: Hà Nội Giáo dục 2007
Pynciau:
Tagiau: Ychwanegu Tag
Dim Tagiau, Byddwch y cyntaf i dagio'r cofnod hwn!
Thư viện lưu trữ: Trung tâm Học liệu Trường Đại học Cần Thơ
LEADER 01062nam a2200217Ia 4500
001 CTU_152528
008 210402s9999 xx 000 0 und d
020 |c 25600 
082 |a 515.64076 
082 |b Tr300/T.3/2007 
100 |a Nguyễn, Đình Trí 
245 0 |a Bài tập toán cao cấp : 
245 0 |c Nguyễn Đình Trí, Tạ Văn Đĩnh, Nguyễn Hồ Quỳnh 
260 |a Hà Nội 
260 |b Giáo dục 
260 |c 2007 
520 |a Quyển bài tập này trình bày lời giải của các bài tập đã ra trong các quyển Toán học cao cấp tập 3, phép tính giải tích nhiều biến số và một số bài tập khác đã được bổ sung. 
650 |a Mathematical analysis,Calculus of variations 
650 |x Problems, exercises, etc,Problems, exercises, etc 
904 |i Pha, Mai chuyển số PL từ 515.076 thành 515.64076 dành cho cả bộ bài tập 
980 |a Trung tâm Học liệu Trường Đại học Cần Thơ